MARC

Tag First Indicator Second Indicator Subfields
LEADER 00000cam a2200000 a 4500
001 in00001538621
005 20151022053241.0
008 000510r19881987nyuaf 001 0aeng
010 |a  87045932  
020 |a 0394757777 :  |c $9.95 
035 |a (OCoLC)16802338 
040 |a DLC  |c DLC  |d TXA  |d UtOrBLW 
043 |a e-gx---  |a e-au---  |a e-ur--- 
049 |a TXAM 
050 0 0 |a D811.5  |b .V38 1988 
082 0 0 |a 940.54/81/47  |2 19 
100 1 |a Vassiltchikov, Marie,  |d 1917-1978. 
245 1 0 |a Berlin diaries, 1940-1945 /  |c Marie Vassiltchikov. 
250 |a 1st Vintage Books ed. 
264 1 |a New York :  |b Vintage Books,  |c 1988 
264 4 |c ©1985 
300 |a xv, 324 pages, 18 unnumbered pages of plates :  |b illustrations ;  |c 21 cm. 
336 |a text  |b txt  |2 rdacontent 
337 |a unmediated  |b n  |2 rdamedia 
338 |a volume  |b nc  |2 rdacarrier 
500 |a Reprint. Originally published: 1st American edition New York : Knopf, 1987. 
500 |a Includes index. 
536 |a In memory of Sandra K. Hansen, March 1999. 
600 1 0 |a Vassiltchikov, Marie,  |d 1917-1978. 
650 0 |a World War, 1939-1945  |v Personal narratives, Russian. 
650 0 |a World War, 1939-1945  |z Germany  |z Berlin. 
650 0 |a World War, 1939-1945  |z Austria  |z Vienna. 
651 0 |a Berlin (Germany)  |x Social life and customs. 
651 0 |a Vienna (Austria)  |x History  |y 1918- 
650 0 |a Nobility  |z Russia  |v Biography. 
948 |a cataloged  |b h  |c 2000/5/10  |d c  |e jspillan  |f 2:20:53 pm 
994 |a E0  |b TXA 
999 |a MARS 
999 f f |s 35e31326-a929-3ad1-a2db-15aec92aa6d4  |i df043117-0975-3519-8ba3-2372e210a596  |t 0 
952 f f |p ric  |a Texas A&M University  |b Rellis Campus  |c Joint Library Facility  |d Remote Storage  |t 0  |e D811.5 .V38 1988  |h Library of Congress classification  |i unmediated -- volume  |m A14826125053 
998 f f |a D811.5 .V38 1988  |t 0  |l Remote Storage